000 00538nam a2200193Ia 4500
005 20250508150234.0
008 008 250505s9999 xx 000 0 eng d
037 _aTextual
040 _aFEDL
_beng
_cFEDL
041 _aeng
_2eng
084 _a152.153, WAT
_qFEDL
100 _aWatt Henry J
_9756214
245 0 _aSensory basis and structure of knowledge
260 _aLondon, UK
_bMethuen and Co. Ltd
_c1925
300 _axi,425p.
365 _aINR
_b6
942 _cTEXL
_h152.153, WAT
999 _c1322567
_d1322567